Historias de la prehistoria / (Registro nro. 10887)

Detalles MARC
000 -LEADER
fixed length control field 01017cam a22003617 4500
001 - CONTROL NUMBER
control field a46252
003 - CONTROL NUMBER IDENTIFIER
control field DO-SdBNP
005 - DATE AND TIME OF LATEST TRANSACTION
control field 20180126092635.0
007 - PHYSICAL DESCRIPTION FIXED FIELD--GENERAL INFORMATION
fixed length control field a46252
008 - FIXED-LENGTH DATA ELEMENTS--GENERAL INFORMATION
fixed length control field 091102s1991 sp a | |||| 000 0 spa
015 ## - NATIONAL BIBLIOGRAPHY NUMBER
National bibliography number
017 ## - COPYRIGHT OR LEGAL DEPOSIT NUMBER
Copyright or legal deposit number
Assigning agency
020 ## - INTERNATIONAL STANDARD BOOK NUMBER
International Standard Book Number 8420733814
035 ## - SYSTEM CONTROL NUMBER
System control number
040 ## - CATALOGING SOURCE
Original cataloging agency BPMSU
Language of cataloging spa
Transcribing agency BPMSU
Description conventions
080 ## - UNIVERSAL DECIMAL CLASSIFICATION NUMBER
Universal Decimal Classification number
080 ## - UNIVERSAL DECIMAL CLASSIFICATION NUMBER
Universal Decimal Classification number
082 ## - DEWEY DECIMAL CLASSIFICATION NUMBER
Classification number I853.8
Item number M831h
100 1# - MAIN ENTRY--PERSONAL NAME
Personal name Moravia, Alberto,
Dates associated with a name 1907-1990.
245 10 - TITLE STATEMENT
Title Historias de la prehistoria /
Medium Alberto Moravia ; traducción y notas, Laura Cepeda ; apéndice, Isabel Prieto ; ilustración, Shula Goldman.
Remainder of title
Statement of responsibility, etc.
250 ## - EDITION STATEMENT
Edition statement 4. ed.
260 ## - PUBLICATION, DISTRIBUTION, ETC. (IMPRINT)
Place of publication, distribution, etc. Madrid :
Name of publisher, distributor, etc. Anaya,
Date of publication, distribution, etc. 1991.
Manufacturer
300 ## - PHYSICAL DESCRIPTION
Extent 223 p.:
Other physical details il. ;
Dimensions 21 cm.
490 1# - SERIES STATEMENT
Series statement Tus libros
504 ## - BIBLIOGRAPHY, ETC. NOTE
Bibliography, etc Bibliografía : p. 222-223
650 ## - SUBJECT ADDED ENTRY--TOPICAL TERM
Topical term or geographic name as entry element
Geographic subdivision
Form subdivision
--
Source of heading or term
700 12 - ADDED ENTRY--PERSONAL NAME
Personal name Cepeda, Laura,
Relator term tr.
700 12 - ADDED ENTRY--PERSONAL NAME
Personal name Goldman, Sbula,
Relator term il.
830 #0 - SERIES ADDED ENTRY--UNIFORM TITLE
Uniform title Tus libros
942 ## - ADDED ENTRY ELEMENTS (KOHA)
Source of classification or shelving scheme Dewey Decimal Classification
Koha item type Libros
945 ## - LOCAL PROCESSING INFORMATION (OCLC)
a Inventariado, 2018 /LP
956 ## - LOCAL ELECTRONIC LOCATION AND ACCESS (OCLC)
Host name VMATEO
Access number 20160714
Compression information BPMSU
Path 00069
Existencias
Withdrawn status Lost status Source of classification or shelving scheme Damaged status Not for loan Collection code Home library Current library Date acquired Source of acquisition Total Checkouts Full call number Barcode Date last seen Price effective from Koha item type
    Dewey Decimal Classification     Colección Juvenil General Biblioteca Pública Metropolitana Salomé Ureña Biblioteca Pública Metropolitana Salomé Ureña 07/14/2016 FUNDI   I853.8 M831h BPMSU16070478 07/14/2016 07/14/2016 Libros